000 01338nam a2200313 ia4500
003 OSt
005 20260409110514.0
008 260409s2025 nyua jrb 000 0 eng d
020 _a9780241743157
_cRM 98.90
_qhardback
040 _aPPAK
_beng
_cPPAK
_erda
082 0 4 _223
_a005.8
090 0 0 _a005.8
_bKID
_dK
245 0 2 _aa kids book about ONLINE SAFETY /
_cby OIC Security Group
246 3 0 _aOnline safety
250 _aFirst American edition
264 1 _aNew York :
_bDK Publishing,
_c[2025]
300 _a1 volume (unpaged) :
_bcolour illustrations ;
_c26 cm
336 _atext
_2rdacontent
337 _aunmediated
_2rdamedia
338 _avolume
_2rdacarrier
490 1 _aa kids book about
520 _a "This is a kids' book about online safety. Being online is a regular part of our day-to-day lives. But...not everyone online is a kind person, or has the best intentions. Thankfully, practicing online safety can help us address that. The internet is a wonderful resource; with this advice, you'll be equipped to explore safely."--
_cProvided by publisher.
521 1 _aAges 5+
650 1 0 _aComputer security
_vJuvenile literature
650 2 0 _aInternet and children
_vJuvenile literature
710 2 _aOIC Security Group,
_eauthor.
830 0 _aa kids book about
942 _2ddc
_cB
999 _c203774
_d203774